[Event "Russian Team Championships 2014 (women)"]
[Site "Sochi (Loo)"]
[Date "2014.04.12"]
[Round "5.5"]
[White "Galliamova, Alisa"]
[Black "Bodnaruk, Anastasia"]
[Result "1-0"]
[LiveChessVersion "1.4.2"]
[BlackElo "2453"]
[WhiteElo "2458"]
[BlackTeam "Club Chigorin"]
[WhiteTeam "Ladja"]

1. d4 {[%clk 1:30:57]} Nf6 {[%clk 1:30:56]} 2. c4 {[%clk 1:31:24]} g6
{[%clk 1:31:22]} 3. Nc3 {[%clk 1:31:41]} Bg7 {[%clk 1:31:46]} 4. e4
{[%clk 1:32:02]} d6 {[%clk 1:32:13]} 5. Be2 {[%clk 1:31:51]} O-O {[%clk 1:32:36]}
6. Bg5 {[%clk 1:32:03]} h6 {[%clk 1:32:06]} 7. Be3 {[%clk 1:32:13]} Nbd7
{[%clk 1:32:20]} 8. Qd2 {[%clk 1:27:56]} c5 {[%clk 1:32:31]} 9. d5
{[%clk 1:26:49]} Kh7 {[%clk 1:32:38]} 10. g4 {[%clk 1:20:09]} b5 {[%clk 1:22:29]}
11. cxb5 {[%clk 1:14:01]} a6 {[%clk 1:22:54]} 12. b6 {[%clk 0:52:40]} Nxb6
{[%clk 1:16:17]} 13. g5 {[%clk 0:50:05]} Ng4 {[%clk 1:13:45]} 14. gxh6
{[%clk 0:48:07]} Bf6 {[%clk 1:13:32]} 15. Bf4 {[%clk 0:46:05]} Ne5
{[%clk 0:57:10]} 16. Bxe5 {[%clk 0:42:37]} Bxe5 {[%clk 0:54:49]} 17. f4
{[%clk 0:41:53]} Bf6 {[%clk 0:43:18]} 18. Nf3 {[%clk 0:39:28]} Bg4
{[%clk 0:35:16]} 19. Ng5+ {[%clk 0:38:27]} Bxg5 {[%clk 0:35:41]} 20. fxg5
{[%clk 0:38:48]} Bxe2 {[%clk 0:35:44]} 21. Nxe2 {[%clk 0:38:27]} Nc4
{[%clk 0:22:08]} 22. Qc3 {[%clk 0:38:01]} Qa5 {[%clk 0:21:55]} 23. Qxa5
{[%clk 0:37:21]} Nxa5 {[%clk 0:22:24]} 24. b3 {[%clk 0:36:27]} f6
{[%clk 0:17:38]} 25. h4 {[%clk 0:36:19]} fxg5 {[%clk 0:17:57]} 26. hxg5
{[%clk 0:36:42]} Rf3 {[%clk 0:18:16]} 27. Rf1 {[%clk 0:35:09]} Raf8
{[%clk 0:18:28]} 28. Rxf3 {[%clk 0:35:08]} Rxf3 {[%clk 0:18:57]} 29. Kd2
{[%clk 0:31:04]} Nb7 {[%clk 0:15:40]} 30. Rg1 {[%clk 0:10:52]} Nd8
{[%clk 0:15:18]} 31. Nc1 {[%clk 0:09:07]} e5 {[%clk 0:11:57]} 32. Nd3
{[%clk 0:05:55]} Nf7 {[%clk 0:12:05]} 33. Ke2 {[%clk 0:02:26]} Rh3
{[%clk 0:12:29]} 34. Nf2 {[%clk 0:02:11]} Rh5 {[%clk 0:12:04]} 35. Ng4
{[%clk 0:02:08]} Rxg5 {[%clk 0:11:22]} 36. Kf3 {[%clk 0:02:27]} Kh8
{[%clk 0:09:33]} 37. Rh1 {[%clk 0:02:11]} Rh5 {[%clk 0:07:56]} 38. Rxh5
{[%clk 0:02:31]} gxh5 {[%clk 0:08:25]} 39. Nf6 {[%clk 0:02:53]} Nxh6
{[%clk 0:07:57]} 40. Nxh5 {[%clk 0:33:16]} Kg8 {[%clk 0:35:24]} 41. Nf6+
{[%clk 0:32:25]} Kf7 {[%clk 0:35:15]} 42. Nd7 {[%clk 0:32:31]} Ke7
{[%clk 0:29:39]} 43. Nb8 {[%clk 0:32:06]} Kd8 {[%clk 0:29:54]} 44. Nxa6
{[%clk 0:31:29]} Kc8 {[%clk 0:30:11]} 45. b4 {[%clk 0:31:24]} cxb4
{[%clk 0:18:17]} 46. Nxb4 {[%clk 0:31:07]} Kc7 {[%clk 0:18:37]} 47. Kg3
{[%clk 0:18:48]} Ng8 {[%clk 0:18:21]} 48. Kg4 {[%clk 0:18:37]} Nf6+
{[%clk 0:18:09]} 49. Kf5 {[%clk 0:18:58]} Nh5 {[%clk 0:18:24]} 50. Kg4
{[%clk 0:14:25]} Nf4 {[%clk 0:14:49]} 51. Kf3 {[%clk 0:14:30]} Kb6
{[%clk 0:14:31]} 52. Ke3 {[%clk 0:14:13]} Kb5 {[%clk 0:13:56]} 53. Nc6
{[%clk 0:12:52]} Ng2+ {[%clk 0:11:21]} 54. Kd3 {[%clk 0:08:31]} Nf4+
{[%clk 0:11:25]} 55. Ke3 {[%clk 0:08:38]} Ng2+ {[%clk 0:11:46]} 56. Kf3
{[%clk 0:08:36]} Nf4 {[%clk 0:09:17]} 57. Nd8 {[%clk 0:08:13]} Kb6
{[%clk 0:09:22]} 58. Kg4 {[%clk 0:07:15]} Ne2 {[%clk 0:09:28]} 59. a3
{[%clk 0:07:15]} Nc3 {[%clk 0:07:23]} 60. Kf5 {[%clk 0:07:30]} Kc7
{[%clk 0:06:04]} 61. Nf7 {[%clk 0:06:47]} Kd7 {[%clk 0:06:04]} 62. Ng5
{[%clk 0:05:05]} Ke7 {[%clk 0:06:21]} 63. Nf3 {[%clk 0:04:41]} Ne2
{[%clk 0:06:29]} 64. Nd2 {[%clk 0:04:52]} Nc3 {[%clk 0:06:50]} 65. Nc4
{[%clk 0:03:57]} Ne2 {[%clk 0:07:04]} 66. Kg4 {[%clk 0:03:57]} Nc3
{[%clk 0:07:18]} 67. Kf3 {[%clk 0:04:01]} Kd7 {[%clk 0:07:36]} 68. Ke3
{[%clk 0:04:11]} Na4 {[%clk 0:07:42]} 69. Kf3 {[%clk 0:03:14]} Ke7
{[%clk 0:06:31]} 70. Kg4 {[%clk 0:02:08]} Nc3 {[%clk 0:06:55]} 71. Kf5
{[%clk 0:02:20]} Ne2 {[%clk 0:07:13]} 72. Kg6 {[%clk 0:01:58]} Nc3
{[%clk 0:06:55]} 73. Nd2 {[%clk 0:02:20]} Na4 {[%clk 0:07:14]} 74. Nf1
{[%clk 0:02:07]} Nc3 {[%clk 0:07:13]} 75. Ng3 {[%clk 0:02:18]} Na4
{[%clk 0:06:57]} 76. Nf5+ {[%clk 0:02:28]} Kd7 {[%clk 0:07:27]} 77. Kf7
{[%clk 0:02:42]} Nc5 {[%clk 0:06:32]} 78. Ng3 {[%clk 0:03:00]} Kd8
{[%clk 0:06:46]} 79. Kf6 {[%clk 0:02:05]} Kd7 {[%clk 0:07:13]} 80. Kf5
{[%clk 0:02:10]} Ke7 {[%clk 0:07:25]} 81. Nh5 {[%clk 0:01:39]} Kf7
{[%clk 0:07:03]} 82. Nf6 {[%clk 0:01:44]} Ke7 {[%clk 0:07:26]} 83. Ng4
{[%clk 0:02:01]} Na4 {[%clk 0:07:16]} 84. Ne3 {[%clk 0:01:23]} Kd7
{[%clk 0:06:47]} 85. Nc4 {[%clk 0:01:14]} Ke7 {[%clk 0:06:45]} 86. Nxe5
{[%clk 0:01:15]} dxe5 {[%clk 0:07:07]} 87. Kxe5 {[%clk 0:01:41]} Nc3
{[%clk 0:07:01]} 88. Kd4 {[%clk 0:01:39]} Nb5+ {[%clk 0:07:24]} 89. Kc4
{[%clk 0:01:27]} Nxa3+ {[%clk 0:07:41]} 90. Kc5 {[%clk 0:01:54]} Kd7
{[%clk 0:07:27]} 91. e5 {[%clk 0:02:17]} Nc2 {[%clk 0:07:22]} 92. d6
{[%clk 0:02:06]} Ne3 {[%clk 0:07:11]} 93. Kd4 {[%clk 0:02:19]} Nf5+
{[%clk 0:07:31]} 94. Kd5 {[%clk 0:02:41]} Ne3+ {[%clk 0:07:46]} 95. Kc5
{[%clk 0:02:47]} 1-0

[Event "Russian Team Championships 2014 (women)"]
[Site "Sochi (Loo)"]
[Date "2014.04.12"]
[Round "5.6"]
[White "Mammadova, Gulnar"]
[Black "Atalik, Ekaterina"]
[Result "1/2-1/2"]
[LiveChessVersion "1.4.2"]
[BlackElo "2442"]
[WhiteElo "2323"]
[BlackTeam "Ladja"]
[WhiteTeam "Club Chigorin"]

1. e4 {[%clk 1:30:57]} e5 {[%clk 1:30:49]} 2. Nf3 {[%clk 1:31:17]} Nc6
{[%clk 1:31:13]} 3. d4 {[%clk 1:31:42]} exd4 {[%clk 1:31:26]} 4. Nxd4
{[%clk 1:32:07]} Bc5 {[%clk 1:31:30]} 5. Be3 {[%clk 1:32:29]} Qf6
{[%clk 1:31:22]} 6. c3 {[%clk 1:32:50]} d6 {[%clk 1:31:23]} 7. Bc4
{[%clk 1:19:50]} Qg6 {[%clk 1:30:26]} 8. O-O {[%clk 1:09:57]} Ne5
{[%clk 1:29:30]} 9. Re1 {[%clk 1:07:37]} Nxc4 {[%clk 1:17:59]} 10. Qa4+
{[%clk 1:07:56]} c6 {[%clk 1:15:38]} 11. Qxc4 {[%clk 1:06:44]} Ne7
{[%clk 1:14:37]} 12. Nd2 {[%clk 1:02:29]} O-O {[%clk 1:13:38]} 13. Kh1
{[%clk 1:01:21]} Bb6 {[%clk 1:13:04]} 14. Qe2 {[%clk 0:56:10]} d5
{[%clk 1:05:27]} 15. Bf4 {[%clk 0:54:02]} dxe4 {[%clk 1:01:05]} 16. Nxe4
{[%clk 0:50:46]} Nd5 {[%clk 0:58:34]} 17. Bd6 {[%clk 0:50:16]} Rd8
{[%clk 0:56:25]} 18. Ba3 {[%clk 0:40:28]} Bxd4 {[%clk 0:45:59]} 19. cxd4
{[%clk 0:40:17]} Be6 {[%clk 0:38:55]} 20. Rad1 {[%clk 0:36:06]} h6
{[%clk 0:33:06]} 21. h3 {[%clk 0:25:19]} Nc7 {[%clk 0:29:55]} 22. Nc3
{[%clk 0:24:45]} Bd5 {[%clk 0:26:14]} 23. Qg4 {[%clk 0:21:17]} Qxg4
{[%clk 0:24:14]} 24. hxg4 {[%clk 0:21:45]} Rd7 {[%clk 0:22:44]} 25. b3
{[%clk 0:20:26]} Be6 {[%clk 0:21:50]} 26. Re4 {[%clk 0:18:36]} Rad8
{[%clk 0:20:38]} 27. f3 {[%clk 0:18:06]} Ne8 {[%clk 0:18:36]} 28. Bb2
{[%clk 0:16:16]} b6 {[%clk 0:17:08]} 29. Ne2 {[%clk 0:13:29]} Nf6
{[%clk 0:15:57]} 30. Re3 {[%clk 0:12:49]} Nd5 {[%clk 0:15:31]} 31. Re4
{[%clk 0:13:04]} Nb4 {[%clk 0:13:34]} 32. Nf4 {[%clk 0:11:19]} Bd5
{[%clk 0:13:10]} 33. Re3 {[%clk 0:09:58]} a5 {[%clk 0:06:08]} 34. a3
{[%clk 0:10:00]} Na6 {[%clk 0:06:34]} 35. Rde1 {[%clk 0:10:07]} Nc7
{[%clk 0:05:59]} 36. Rc1 {[%clk 0:10:12]} Ne6 {[%clk 0:01:28]} 37. Nxe6
{[%clk 0:10:06]} fxe6 {[%clk 0:01:45]} 38. Kg1 {[%clk 0:10:17]} a4
{[%clk 0:01:10]} 39. b4 {[%clk 0:10:33]} b5 {[%clk 0:01:06]} 40. Kf2
{[%clk 0:40:53]} Kf7 {[%clk 0:31:00]} 41. Kg3 {[%clk 0:41:07]} 1/2-1/2

[Event "Russian Team Championships 2014 (women)"]
[Site "Sochi (Loo)"]
[Date "2014.04.12"]
[Round "5.7"]
[White "Batsiashvili, Nino"]
[Black "Schepetkova, Margarita"]
[Result "1/2-1/2"]
[LiveChessVersion "1.4.2"]
[BlackElo "2301"]
[WhiteElo "2408"]
[BlackTeam "Club Chigorin"]
[WhiteTeam "Ladja"]

1. d4 {[%clk 1:30:58]} d5 {[%clk 1:30:54]} 2. c4 {[%clk 1:31:25]} c6
{[%clk 1:31:21]} 3. Nf3 {[%clk 1:31:51]} Nf6 {[%clk 1:31:47]} 4. Nbd2
{[%clk 1:32:19]} Bf5 {[%clk 1:30:22]} 5. Nh4 {[%clk 1:32:27]} Be6
{[%clk 1:29:58]} 6. e3 {[%clk 1:30:50]} g6 {[%clk 1:28:27]} 7. b3
{[%clk 1:24:17]} Bg7 {[%clk 1:28:38]} 8. Bb2 {[%clk 1:24:42]} O-O
{[%clk 1:28:54]} 9. Be2 {[%clk 1:24:52]} Ne4 {[%clk 1:17:14]} 10. O-O
{[%clk 1:19:55]} Nxd2 {[%clk 1:08:04]} 11. Qxd2 {[%clk 1:20:17]} Nd7
{[%clk 1:08:23]} 12. Nf3 {[%clk 1:07:54]} h6 {[%clk 1:02:39]} 13. Rac1
{[%clk 1:01:09]} a5 {[%clk 1:01:27]} 14. cxd5 {[%clk 0:55:31]} Bxd5
{[%clk 1:01:25]} 15. Qc2 {[%clk 0:45:00]} f5 {[%clk 0:48:20]} 16. Nd2
{[%clk 0:39:25]} e5 {[%clk 0:47:33]} 17. dxe5 {[%clk 0:34:54]} Nxe5
{[%clk 0:46:56]} 18. f4 {[%clk 0:27:07]} Nd7 {[%clk 0:46:07]} 19. Bxg7
{[%clk 0:25:31]} Kxg7 {[%clk 0:46:31]} 20. e4 {[%clk 0:24:14]} fxe4
{[%clk 0:43:48]} 21. Nxe4 {[%clk 0:24:37]} Bxe4 {[%clk 0:41:28]} 22. Qxe4
{[%clk 0:25:02]} Re8 {[%clk 0:37:14]} 23. Qc2 {[%clk 0:22:49]} Nf6
{[%clk 0:34:52]} 24. Bf3 {[%clk 0:21:55]} Qd4+ {[%clk 0:32:08]} 25. Kh1
{[%clk 0:22:04]} Rad8 {[%clk 0:31:56]} 26. Qc4 Qxc4 {[%clk 0:31:38]} 27. Rxc4
{[%clk 0:12:37]} Nd5 {[%clk 0:19:28]} 28. Ra4 {[%clk 0:12:55]} b6
{[%clk 0:19:48]} 29. Rd4 {[%clk 0:10:58]} Nb4 {[%clk 0:19:34]} 30. Rxd8
{[%clk 0:09:44]} Rxd8 {[%clk 0:20:02]} 31. Rf2 {[%clk 0:07:25]} c5
{[%clk 0:19:51]} 32. h4 {[%clk 0:06:44]} Nd3 {[%clk 0:15:42]} 33. Rd2
{[%clk 0:06:17]} Rd4 {[%clk 0:16:08]} 34. g3 {[%clk 0:03:47]} Nb4
{[%clk 0:14:49]} 35. Re2 {[%clk 0:03:53]} Kf6 {[%clk 0:12:47]} 36. Kg2
{[%clk 0:03:30]} a4 {[%clk 0:10:16]} 37. bxa4 {[%clk 0:02:45]} c4
{[%clk 0:10:21]} 38. a3 {[%clk 0:02:00]} Nd3 {[%clk 0:09:54]} 39. Kf1
{[%clk 0:01:41]} Nc5 {[%clk 0:08:56]} 40. Bc6 {[%clk 0:31:36]} Rd3
{[%clk 0:37:22]} 41. Rc2 {[%clk 0:25:40]} Rxg3 {[%clk 0:31:45]} 42. Rxc4
{[%clk 0:26:00]} Rxa3 {[%clk 0:32:07]} 43. Rb4 {[%clk 0:24:36]} Rb3
{[%clk 0:32:30]} 44. Rxb3 {[%clk 0:20:45]} Nxb3 {[%clk 0:32:54]} 45. Kf2
{[%clk 0:21:07]} Kf5 {[%clk 0:32:39]} 46. Kg3 {[%clk 0:21:22]} g5
{[%clk 0:29:02]} 1/2-1/2

[Event "Russian Team Championships 2014 (women)"]
[Site "Sochi (Loo)"]
[Date "2014.04.12"]
[Round "5.8"]
[White "Ivkina, Olga"]
[Black "Ambartsumova, Karina"]
[Result "0-1"]
[LiveChessVersion "1.4.2"]
[BlackElo "2342"]
[WhiteElo "2239"]
[BlackTeam "Ladja"]
[WhiteTeam "Club Chigorin"]

1. e4 {[%clk 1:30:58]} c5 {[%clk 1:30:45]} 2. Nf3 {[%clk 1:31:20]} e6
{[%clk 1:31:02]} 3. d4 {[%clk 1:30:56]} cxd4 {[%clk 1:31:24]} 4. Nxd4
{[%clk 1:31:19]} a6 {[%clk 1:31:32]} 5. c4 {[%clk 1:28:45]} Nf6 {[%clk 1:28:55]}
6. Nc3 {[%clk 1:28:43]} Bb4 {[%clk 1:25:38]} 7. Qf3 {[%clk 1:18:11]} Qc7
{[%clk 1:18:59]} 8. Bd2 {[%clk 1:01:45]} Nc6 {[%clk 1:11:23]} 9. Nb3
{[%clk 0:54:22]} b6 {[%clk 0:53:19]} 10. Rc1 {[%clk 0:52:18]} O-O
{[%clk 0:47:18]} 11. c5 {[%clk 0:45:29]} Bxc5 {[%clk 0:40:18]} 12. Nxc5
{[%clk 0:45:23]} bxc5 {[%clk 0:40:45]} 13. Na4 {[%clk 0:44:36]} Ne5
{[%clk 0:33:56]} 14. Qe3 {[%clk 0:44:01]} d6 {[%clk 0:34:09]} 15. f4
{[%clk 0:44:13]} Ned7 {[%clk 0:32:22]} 16. e5 {[%clk 0:17:05]} dxe5
{[%clk 0:28:43]} 17. fxe5 {[%clk 0:14:56]} Nd5 {[%clk 0:23:05]} 18. Qg3
{[%clk 0:14:46]} Qxe5+ {[%clk 0:23:22]} 19. Qxe5 {[%clk 0:15:12]} Nxe5
{[%clk 0:23:47]} 20. Nxc5 {[%clk 0:15:23]} Nd7 {[%clk 0:21:14]} 21. b4
{[%clk 0:15:05]} Nxc5 {[%clk 0:20:42]} 22. bxc5 {[%clk 0:15:24]} e5
{[%clk 0:18:47]} 23. Bc4 {[%clk 0:11:13]} Bb7 {[%clk 0:15:46]} 24. O-O
{[%clk 0:11:35]} Bc6 {[%clk 0:13:25]} 25. Rfe1 {[%clk 0:11:15]} Rfe8
{[%clk 0:13:01]} 26. Bxd5 {[%clk 0:09:33]} Bxd5 {[%clk 0:13:17]} 27. c6
{[%clk 0:09:55]} Bxa2 {[%clk 0:09:53]} 28. c7 {[%clk 0:10:11]} f6
{[%clk 0:09:50]} 29. Ba5 {[%clk 0:10:17]} Be6 {[%clk 0:07:15]} 30. Red1
{[%clk 0:10:27]} Kf7 {[%clk 0:05:24]} 31. Rc6 {[%clk 0:09:12]} Rec8
{[%clk 0:03:21]} 32. Rd8 {[%clk 0:08:46]} Bf5 {[%clk 0:02:31]} 33. h3
{[%clk 0:05:53]} h5 {[%clk 0:02:43]} 34. Kf2 {[%clk 0:04:46]} Ra7
{[%clk 0:01:16]} 35. Kf3 {[%clk 0:05:09]} h4 {[%clk 0:00:52]} 36. Rc4
{[%clk 0:04:01]} Rb7 {[%clk 0:00:44]} 37. Rxh4 {[%clk 0:02:33]} Rcxc7
{[%clk 0:00:54]} 38. Bxc7 {[%clk 0:03:01]} Rxc7 {[%clk 0:01:20]} 39. Ra4
{[%clk 0:02:27]} Rc3+ {[%clk 0:01:20]} 40. Kf2 {[%clk 0:32:47]} Rc2+
{[%clk 0:31:27]} 41. Kg3 {[%clk 0:32:44]} Bc8 {[%clk 0:26:14]} 42. Ra5
{[%clk 0:30:12]} Ke7 {[%clk 0:25:05]} 43. Rad5 {[%clk 0:30:15]} a5
{[%clk 0:22:52]} 44. Kh4 {[%clk 0:15:14]} Be6 {[%clk 0:19:10]} 45. Rd3
{[%clk 0:14:02]} Rxg2 {[%clk 0:18:33]} 46. Ra8 {[%clk 0:14:26]} Bf7
{[%clk 0:18:30]} 47. Rg3 {[%clk 0:08:16]} g5+ {[%clk 0:18:46]} 48. Kg4
{[%clk 0:08:45]} Be6+ {[%clk 0:19:01]} 0-1

[Event "Russian Team Championships 2014 (women)"]
[Site "Sochi (Loo)"]
[Date "2014.04.13"]
[Round "6.1"]
[White "Cmilyte, Viktorija"]
[Black "Galliamova, Alisa"]
[Result "0-1"]
[LiveChessVersion "1.4.2"]
[BlackElo "2458"]
[WhiteElo "2511"]
[BlackTeam "Ladja"]
[WhiteTeam "Ugra"]

1. Nf3 {[%clk 1:30:58]} d5 {[%clk 1:30:50]} 2. c4 {[%clk 1:31:22]} c6
{[%clk 1:30:46]} 3. d4 {[%clk 1:31:45]} Nf6 {[%clk 1:31:10]} 4. Nc3
{[%clk 1:32:09]} e6 {[%clk 1:31:35]} 5. Bg5 {[%clk 1:32:34]} h6 {[%clk 1:32:01]}
6. Bxf6 {[%clk 1:32:51]} Qxf6 {[%clk 1:32:27]} 7. e3 {[%clk 1:33:14]} Nd7
{[%clk 1:32:42]} 8. Bd3 {[%clk 1:33:28]} dxc4 {[%clk 1:32:22]} 9. Bxc4
{[%clk 1:33:52]} Bd6 {[%clk 1:32:31]} 10. O-O {[%clk 1:33:52]} O-O
{[%clk 1:32:43]} 11. Qc2 {[%clk 1:22:37]} Qe7 {[%clk 1:27:53]} 12. Rad1
{[%clk 1:22:27]} b6 {[%clk 1:20:20]} 13. e4 {[%clk 1:21:06]} Bb7 {[%clk 1:18:17]}
14. e5 {[%clk 1:20:17]} Bc7 {[%clk 1:17:57]} 15. Rfe1 {[%clk 1:17:51]} Rfd8
{[%clk 1:15:00]} 16. a3 {[%clk 1:16:48]} a5 {[%clk 1:11:19]} 17. Ba2
{[%clk 1:14:38]} Nf8 {[%clk 1:10:09]} 18. Qe4 {[%clk 1:10:26]} Rd7
{[%clk 1:03:00]} 19. Qg4 {[%clk 1:04:57]} Rad8 {[%clk 0:44:17]} 20. Ne4
{[%clk 1:01:38]} Kh8 {[%clk 0:44:31]} 21. Rc1 {[%clk 1:00:37]} Ng6
{[%clk 0:36:59]} 22. Bb1 {[%clk 0:47:16]} Qf8 {[%clk 0:32:57]} 23. Neg5
{[%clk 0:27:40]} Ne7 {[%clk 0:26:55]} 24. Qh3 {[%clk 0:25:40]} Nd5
{[%clk 0:14:36]} 25. Re4 {[%clk 0:25:48]} Rc8 {[%clk 0:10:13]} 26. Rg4
{[%clk 0:19:54]} Bd8 {[%clk 0:08:39]} 27. Qh5 {[%clk 0:19:45]} c5
{[%clk 0:05:46]} 28. Nxe6 {[%clk 0:15:37]} fxe6 {[%clk 0:05:51]} 29. Qg6
{[%clk 0:15:58]} Qg8 {[%clk 0:05:38]} 30. h4 {[%clk 0:12:04]} Ne7
{[%clk 0:04:39]} 31. Qd3 {[%clk 0:11:35]} Bxf3 {[%clk 0:04:33]} 32. Qxf3
{[%clk 0:10:29]} Rxd4 {[%clk 0:03:59]} 33. Rxd4 {[%clk 0:08:57]} cxd4
{[%clk 0:04:22]} 34. Rd1 {[%clk 0:09:25]} Bc7 {[%clk 0:03:26]} 35. Qb7
{[%clk 0:07:06]} Nd5 {[%clk 0:03:10]} 36. Bg6 {[%clk 0:05:39]} Rb8
{[%clk 0:02:12]} 37. Qa7 {[%clk 0:06:00]} Ra8 {[%clk 0:02:21]} 38. Qb7
{[%clk 0:06:26]} Qc8 {[%clk 0:02:08]} 0-1

[Event "Russian Team Championships 2014 (women)"]
[Site "Sochi (Loo)"]
[Date "2014.04.13"]
[Round "6.2"]
[White "Atalik, Ekaterina"]
[Black "Pogonina, Natalija"]
[Result "0-1"]
[LiveChessVersion "1.4.2"]
[BlackElo "2499"]
[WhiteElo "2442"]
[BlackTeam "Ugra"]
[WhiteTeam "Ladja"]

1. d4 {[%clk 1:30:57]} Nf6 {[%clk 1:30:55]} 2. Nf3 {[%clk 1:31:13]} d5
{[%clk 1:30:49]} 3. e3 {[%clk 1:31:25]} e6 {[%clk 1:28:59]} 4. Bd3
{[%clk 1:31:44]} c5 {[%clk 1:23:04]} 5. b3 {[%clk 1:30:52]} Nc6 {[%clk 1:19:15]}
6. Bb2 {[%clk 1:30:37]} cxd4 {[%clk 1:17:40]} 7. exd4 {[%clk 1:30:39]} Be7
{[%clk 1:14:01]} 8. O-O {[%clk 1:30:11]} O-O {[%clk 1:14:22]} 9. a3
{[%clk 1:29:52]} Ne4 {[%clk 1:05:28]} 10. Bxe4 {[%clk 1:28:41]} dxe4
{[%clk 1:05:48]} 11. Ne5 {[%clk 1:28:48]} Qc7 {[%clk 0:56:31]} 12. c4
{[%clk 1:19:22]} Rd8 {[%clk 0:50:24]} 13. Nxc6 {[%clk 1:15:12]} bxc6
{[%clk 0:48:19]} 14. Qe2 {[%clk 1:05:30]} f5 {[%clk 0:46:08]} 15. Nd2
{[%clk 1:03:42]} Bf6 {[%clk 0:42:02]} 16. f3 {[%clk 0:56:44]} e3 {[%clk 0:35:51]}
17. Qxe3 {[%clk 0:54:49]} c5 {[%clk 0:36:14]} 18. f4 {[%clk 0:48:52]} cxd4
{[%clk 0:36:16]} 19. Qd3 {[%clk 0:48:30]} Bb7 {[%clk 0:36:22]} 20. Rae1
{[%clk 0:46:42]} Re8 {[%clk 0:36:06]} 21. b4 {[%clk 0:39:23]} Rad8
{[%clk 0:30:47]} 22. b5 {[%clk 0:39:04]} g6 {[%clk 0:28:38]} 23. g3
{[%clk 0:32:51]} Ba8 {[%clk 0:23:52]} 24. Re2 {[%clk 0:29:48]} g5
{[%clk 0:20:22]} 25. fxg5 {[%clk 0:26:05]} Bxg5 {[%clk 0:20:47]} 26. Nf3
{[%clk 0:25:17]} Bf6 {[%clk 0:13:38]} 27. Rfe1 {[%clk 0:24:02]} Bg7
{[%clk 0:10:46]} 28. Nh4 {[%clk 0:15:00]} Be4 {[%clk 0:08:38]} 29. Rxe4
{[%clk 0:12:43]} fxe4 {[%clk 0:09:04]} 30. Rxe4 {[%clk 0:12:32]} Rc8
{[%clk 0:04:19]} 31. Rg4 {[%clk 0:12:09]} Qxc4 {[%clk 0:04:08]} 32. Qxd4
{[%clk 0:12:05]} Qxd4+ {[%clk 0:03:32]} 33. Bxd4 {[%clk 0:12:21]} Re7
{[%clk 0:03:01]} 34. Bxg7 {[%clk 0:09:56]} Rxg7 {[%clk 0:03:27]} 35. Re4
{[%clk 0:10:13]} Rc2 {[%clk 0:02:01]} 36. Rxe6 {[%clk 0:08:54]} Rd7
{[%clk 0:01:38]} 37. Nf3 {[%clk 0:07:46]} Ra2 {[%clk 0:01:17]} 38. Re8+
{[%clk 0:03:00]} Kg7 {[%clk 0:01:37]} 39. Re3 {[%clk 0:03:01]} Rd5
{[%clk 0:01:12]} 40. Ne1 {[%clk 0:31:25]} Kf6 {[%clk 0:30:39]} 41. Rf3+
{[%clk 0:27:31]} Rf5 {[%clk 0:26:02]} 42. g4 {[%clk 0:17:53]} Rxf3
{[%clk 0:26:23]} 43. Nxf3 {[%clk 0:18:19]} Rxa3 {[%clk 0:26:04]} 44. Kf2
{[%clk 0:18:21]} Ra4 {[%clk 0:23:51]} 45. g5+ {[%clk 0:18:17]} Kf5
{[%clk 0:23:01]} 46. h4 {[%clk 0:14:05]} Kf4 {[%clk 0:22:44]} 0-1

[Event "Russian Team Championships 2014 (women)"]
[Site "Sochi (Loo)"]
[Date "2014.04.13"]
[Round "6.3"]
[White "Kovanova, Baira"]
[Black "Zaiatz, Elena"]
[Result "1-0"]
[LiveChessVersion "1.4.2"]
[BlackElo "2414"]
[WhiteElo "2404"]
[BlackTeam "Ladja"]
[WhiteTeam "Ugra"]

1. e4 {[%clk 1:30:59]} e5 {[%clk 1:30:54]} 2. Nf3 {[%clk 1:31:25]} Nc6
{[%clk 1:31:19]} 3. Bb5 {[%clk 1:31:51]} g6 {[%clk 1:31:28]} 4. O-O
{[%clk 1:28:51]} Bg7 {[%clk 1:31:25]} 5. c3 {[%clk 1:27:37]} a6 {[%clk 1:31:33]}
6. Ba4 {[%clk 1:27:52]} Nge7 {[%clk 1:31:57]} 7. d4 {[%clk 1:28:09]} exd4
{[%clk 1:32:16]} 8. cxd4 {[%clk 1:28:30]} O-O {[%clk 1:32:32]} 9. Nc3
{[%clk 1:26:18]} b5 {[%clk 1:32:46]} 10. Bb3 {[%clk 1:26:39]} Na5
{[%clk 1:32:42]} 11. Bc2 {[%clk 1:26:54]} d6 {[%clk 1:33:02]} 12. h3
{[%clk 1:27:12]} Bb7 {[%clk 1:31:58]} 13. Bf4 {[%clk 1:24:08]} h6
{[%clk 1:25:07]} 14. Bh2 {[%clk 1:22:01]} Nc4 {[%clk 1:16:27]} 15. Rb1
{[%clk 1:14:49]} c5 {[%clk 1:12:46]} 16. a4 {[%clk 1:03:47]} cxd4
{[%clk 1:05:17]} 17. Nxd4 {[%clk 0:54:09]} b4 {[%clk 1:03:22]} 18. Nce2
{[%clk 0:49:28]} d5 {[%clk 0:52:41]} 19. Bb3 {[%clk 0:42:13]} Rc8
{[%clk 0:53:02]} 20. Rc1 {[%clk 0:30:30]} a5 {[%clk 0:37:52]} 21. Rc2
{[%clk 0:28:39]} Nb6 {[%clk 0:30:21]} 22. Nb5 {[%clk 0:23:04]} Rxc2
{[%clk 0:21:35]} 23. Qxc2 {[%clk 0:21:38]} Qd7 {[%clk 0:21:49]} 24. Rd1
{[%clk 0:18:44]} Rc8 {[%clk 0:17:06]} 25. Qd2 {[%clk 0:18:03]} Ba6
{[%clk 0:17:25]} 26. Nd6 {[%clk 0:13:59]} Rf8 {[%clk 0:11:34]} 27. exd5
{[%clk 0:10:56]} Nxa4 {[%clk 0:08:34]} 28. Nxf7 {[%clk 0:04:59]} Nc5
{[%clk 0:08:47]} 29. Ne5 {[%clk 0:01:20]} Bxe5 {[%clk 0:03:29]} 30. Bxe5
{[%clk 0:01:48]} Nxb3 {[%clk 0:03:51]} 31. Qxh6 {[%clk 0:01:56]} Kf7
{[%clk 0:04:19]} 32. Nf4 {[%clk 0:01:45]} Bc4 {[%clk 0:01:45]} 33. d6
{[%clk 0:00:43]} Rg8 {[%clk 0:00:51]} 34. Qh7+ {[%clk 0:00:46]} Ke8
{[%clk 0:01:17]} 35. Re1 {[%clk 0:01:06]} Bf7 {[%clk 0:01:34]} 36. Bf6
{[%clk 0:01:04]} Qxd6 {[%clk 0:01:53]} 37. Rxe7+ {[%clk 0:00:47]} Qxe7
{[%clk 0:02:19]} 38. Bxe7 {[%clk 0:01:14]} Kxe7 {[%clk 0:02:46]} 39. Nd5+
{[%clk 0:01:26]} Ke6 {[%clk 0:03:09]} 40. Nc7+ {[%clk 0:31:40]} Kf6
{[%clk 0:32:48]} 41. Qh4+ {[%clk 0:27:24]} g5 {[%clk 0:32:58]} 42. Qh6+
{[%clk 0:27:16]} Ke7 {[%clk 0:33:10]} 43. Qh7 {[%clk 0:23:43]} Kf8
{[%clk 0:28:20]} 44. Qf5 {[%clk 0:22:34]} Rg6 {[%clk 0:28:34]} 45. Nd5
{[%clk 0:21:17]} Nd4 {[%clk 0:27:22]} 46. Qe5 {[%clk 0:20:06]} Nc6
{[%clk 0:26:23]} 47. Qh8+ {[%clk 0:18:44]} Bg8 {[%clk 0:26:47]} 48. Nf6
{[%clk 0:18:57]} Kf7 {[%clk 0:27:05]} 49. Nxg8 {[%clk 0:18:00]} Rxg8
{[%clk 0:27:30]} 50. Qh7+ {[%clk 0:17:37]} Rg7 {[%clk 0:27:55]} 51. Qf5+
{[%clk 0:17:40]} Ke7 {[%clk 0:28:17]} 52. f4 {[%clk 0:14:36]} gxf4
{[%clk 0:26:49]} 53. Qxf4 {[%clk 0:15:04]} Ke6 {[%clk 0:24:23]} 54. Qh6+
{[%clk 0:13:37]} Kd5 1-0